Mandat UNESCO dan cabaran globalisasi / (Record no. 2056)

000 -LEADER
fixed length control field nam a22 a 4500
003 - CONTROL NUMBER IDENTIFIER
control field AKMAL
005 - DATE AND TIME OF LATEST TRANSACTION
control field 20170515102517.0
008 - FIXED-LENGTH DATA ELEMENTS--GENERAL INFORMATION
fixed length control field 17051 s2001 my g 00 may d
020 ## - INTERNATIONAL STANDARD BOOK NUMBER
International Standard Book Number 9676111279 (kkt.):
Terms of availability RM25.00
039 #9 - LEVEL OF BIBLIOGRAPHIC CONTROL AND CODING DETAIL [OBSOLETE]
Level of rules in bibliographic description 200905301522
Level of effort used to assign nonsubject heading access points faridah
Level of effort used to assign subject headings 200905290919
Level of effort used to assign classification avid2
040 ## - CATALOGING SOURCE
Original cataloging agency PNM
082 04 - DEWEY DECIMAL CLASSIFICATION NUMBER
Classification number 353.7211 HUS
Edition number 21
090 00 - LOCALLY ASSIGNED LC-TYPE CALL NUMBER (OCLC); LOCAL CALL NUMBER (RLIN)
Classification number (OCLC) (R) ; Classification number, CALL (RLIN) (NR) 353.7211
Local cutter number (OCLC) ; Book number/undivided call number, CALL (RLIN) HUS
100 0# - MAIN ENTRY--PERSONAL NAME
Personal name Hussein Haji Ahmad
9 (RLIN) 4235
245 10 - TITLE STATEMENT
Title Mandat UNESCO dan cabaran globalisasi /
Statement of responsibility, etc. Hussein Haji Ahmad
260 ## - PUBLICATION, DISTRIBUTION, ETC.
Place of publication, distribution, etc. Kuala Lumpur :
Name of publisher, distributor, etc. Utusan Publications & Distributors,
Date of publication, distribution, etc. 2001
300 00 - PHYSICAL DESCRIPTION
Extent xxiii, 362ms. :
Other physical details il. ;
Dimensions 23cm
504 ## - BIBLIOGRAPHY, ETC. NOTE
Bibliography, etc. note Bibliografi: ms. 345-352
610 00 - SUBJECT ADDED ENTRY--CORPORATE NAME
Corporate name or jurisdiction name as entry element Unesco
9 (RLIN) 4236
942 ## - ADDED ENTRY ELEMENTS (KOHA)
Source of classification or shelving scheme
Koha item type Book
Holdings
Withdrawn status Lost status Source of classification or shelving scheme Damaged status Not for loan Collection code Home library Current library Shelving location Date acquired Inventory number Total Checkouts Full call number Barcode Date last seen Price effective from Koha item type
          NON-FICTION AKMAL Melaka AKMAL Melaka PINJAMAN 15.05.2017 303285   353.7211 HUS 201706078 15.05.2017 15.05.2017 Book
Pusat Sumber Maklumat Dato' Haji Sarmin Md Hussin, Akademi Kastam Diraja Malaysia, Melaka
Tel: 06-2331106 | Faks: 06-2313787